Kto okrem poberateľa dôchodku môže byť príjemcom dôchodku?

Príjemcom dôchodku, teda osobou, na ktorej účet alebo do ktorej rúk Sociálna poisťovňa poukazuje dôchodok, nemusí byť len samotný poberateľ, ale aj niekto iný. Prípady, keď je príjemcom dôchodku niekto iný ako oprávnený poberateľ dôchodku.

Enregistré dans:
Détails bibliographiques
Auteur principal: Šipkovská, Lenka
Format: Chapitre de livre
Langue:slovaque
Sujets:
Tags: Ajouter un tag
Pas de tags, Soyez le premier à ajouter un tag!

MARC

LEADER 00000nla a2200000 4500
001 0185486
005 20220729105142.1
041 0 |a slo 
044 |a SK 
245 1 0 |a Kto okrem poberateľa dôchodku môže byť príjemcom dôchodku?  |c Lenka Šipkovská 
520 |a Príjemcom dôchodku, teda osobou, na ktorej účet alebo do ktorej rúk Sociálna poisťovňa poukazuje dôchodok, nemusí byť len samotný poberateľ, ale aj niekto iný. Prípady, keď je príjemcom dôchodku niekto iný ako oprávnený poberateľ dôchodku. 
610 2 0 |a poistenie sociálne 
610 2 0 |a poisťovne sociálne 
610 2 0 |a poistenie dôchodkové 
610 2 0 |a plnenie poistné 
610 2 0 |a poistenci 
610 2 0 |a dávky dôchodkové 
100 1 |a Šipkovská, Lenka